[Event "Krasnodar Summer op"]
[Site "Krasnodar"]
[Date "2012.07.17"]
[Round "8"]
[White "Pudovkin, Dmitry"]
[Black "Fedorov, Nikita"]
[Result "1-0"]
[WhiteElo "2261"]
[BlackElo "1829"]
[PlyCount "101"]
[EventDate "2012.07.10"]
[EventType "swiss"]
[EventRounds "9"]
[EventCountry "RUS"]
[SourceTitle "EXT 2013"]
[Source "ChessBase"]
[SourceDate "2012.11.22"]
[SourceVersion "1"]
[SourceVersionDate "2012.11.22"]
[SourceQuality "1"]

1. d4 d5 2. c4 e6 3. Nf3 Nf6 4. g3 dxc4 5. Qa4+ c6 6. Qxc4 b5 7. Qc2 Bb7 8. Bg2 Nbd7 9. Nc3 a6 10. 0-0 c5 11. dxc5 Bxc5 12. a3 0-0 13. b4 Be7 14. Bb2 Rc8 15. Rfd1 Qc7 16. Rac1 Nb6 17. Ba1 Qb8 18. Qb1 Rfd8 19. Qb3 Nfd5 20. Nxd5 Bxd5 21. Qb2 Bf6 22. Qb1 Bxa1 23. Qxa1 Qb7 24. Rxc8 Rxc8 25. Qd4 h6 26. Ne1 Rc4 27. Qd2 Qc7 28. f3 f5 29. Qe3 Rc3 30. Rd3 Rc6 31. f4 Nc4 32. Qd4 Bxg2 33. Kxg2 Rd6 34. Qc5 Qxc5 35. bxc5 Rc6 36. Rd8+ Kh7 37. Nd3 Nxa3 38. Rd6 Rc7 39. Rxa6 Nc2 40. Rxe6 b4 41. Rb6 Ne3+ 42. Kf2 Nd5 43. Rb5 Nc3 44. Ra5 b3 45. Ke1 Ne4 46. Kd1 Nc3+ 47. Kd2 Ne4+ 48. Kc1 Nc3 49. Kb2 Nxe2 50. Kxb3 Nd4+ 51. Kc4 1-0

[Event "Yuzhny FO-ch op"]
[Site "Armavir"]
[Date "2011.03.19"]
[Round "8"]
[White "Pudovkin, Dmitry"]
[Black "Sukhareva, Valentina"]
[Result "1-0"]
[WhiteElo "2330"]
[BlackElo "1936"]
[PlyCount "79"]
[EventDate "2011.03.12"]
[EventType "swiss"]
[EventRounds "9"]
[EventCountry "RUS"]
[SourceTitle "CBM 141 Extra"]
[Source "ChessBase"]
[SourceDate "2011.05.03"]
[SourceVersion "1"]
[SourceVersionDate "2011.05.03"]
[SourceQuality "1"]

1. d4 f5 2. c4 Nf6 3. Nf3 e6 4. g3 b6 5. Bg2 Bb7 6. 0-0 h6 7. Nc3 Bb4 8. d5 Na6 9. a3 Bxc3 10. bxc3 Nc5 11. a4 d6 12. a5 e5 13. a6 Bc8 14. Nd2 0-0 15. Nb3 Nxa6 16. f4 e4 17. Nd4 Nb8 18. Bh3 g6 19. Qc2 a5 20. Rd1 Qe7 21. e3 Bd7 22. Bf1 Na6 23. Ba3 g5 24. Bh3 g4 25. Bf1 Kh8 26. Be2 Qg7 27. Kf2 h5 28. Rh1 Kg8 29. h4 gxh3 30. Rxh3 Ng4+ 31. Bxg4 hxg4 32. Rh5 Rf6 33. Rah1 Be8 34. Nxf5 Rxf5 35. Rxf5 Bg6 36. Rg5 Rf8 37. Kg1 Kf7 38. f5 Rh8 39. fxg6+ Kf6 40. Rxg4 1-0

[Event "Yuzhny FO-ch op"]
[Site "Armavir"]
[Date "2011.03.12"]
[Round "1"]
[White "Kudelya, Igor"]
[Black "Pudovkin, Dmitry"]
[Result "1-0"]
[WhiteElo "1976"]
[BlackElo "2330"]
[PlyCount "99"]
[EventDate "2011.03.12"]
[EventType "swiss"]
[EventRounds "9"]
[EventCountry "RUS"]
[SourceTitle "CBM 141 Extra"]
[Source "ChessBase"]
[SourceDate "2011.05.03"]
[SourceVersion "1"]
[SourceVersionDate "2011.05.03"]
[SourceQuality "1"]

1. e4 c5 2. Nf3 e6 3. Nc3 a6 4. d4 cxd4 5. Nxd4 b5 6. Be2 Qc7 7. 0-0 Bb7 8. Bf3 d6 9. Re1 Nf6 10. a3 Be7 11. g3 0-0 12. Bg2 Nbd7 13. f4 Rfd8 14. Qe2 Rac8 15. Kh1 g6 16. Nb3 Nb6 17. Na5 Ba8 18. Bd2 d5 19. e5 Ne8 20. Rac1 h5 21. h3 Ng7 22. g4 hxg4 23. hxg4 Bh4 24. Red1 Nd7 25. Nb3 g5 26. Nd4 gxf4 27. Bxf4 Nf8 28. Rf1 Ng6 29. Bh2 Bg5 30. Rcd1 Rd7 31. Rd3 Nh4 32. Rh3 Nxg2 33. Qxg2 Qc4 34. Bg1 f6 35. b3 Qxf1 36. Qxf1 fxe5 37. Qe2 Bf4 38. Rf3 Rf7 39. Qf1 Rcf8 40. Nce2 Bg5 41. Rxf7 Rxf7 42. Qg2 exd4 43. Bxd4 Bb7 44. Qg3 Rf1+ 45. Kg2 Rf7 46. Qe5 Be7 47. Qb8+ Bf8 48. Nf4 e5 49. Qxe5 Re7 50. Qb8 1-0

[Event "Krasnodar Region-ch"]
[Site "Krasnodar"]
[Date "2010.10.24"]
[Round "9"]
[White "Pudovkin, Dmitry"]
[Black "Gochelashvili, David"]
[Result "1/2-1/2"]
[WhiteElo "2318"]
[BlackElo "2447"]
[PlyCount "113"]
[EventDate "2010.10.16"]
[EventType "swiss"]
[EventRounds "9"]
[EventCountry "RUS"]
[SourceTitle "EXT 2022"]
[Source "ChessBase"]
[SourceDate "2021.10.06"]
[SourceVersion "1"]
[SourceVersionDate "2021.10.06"]
[SourceQuality "1"]

1. d4 Nf6 2. c4 g6 3. Nc3 Bg7 4. g3 0-0 5. Bg2 d6 6. Nf3 c6 7. 0-0 Qa5 8. Re1 Nbd7 9. Bd2 Qc7 10. Rc1 e5 11. h3 Re8 12. dxe5 dxe5 13. e4 Nc5 14. Qc2 a5 15. Be3 Bf8 16. Nd2 Be6 17. Nb3 Nfd7 18. Nxc5 Nxc5 19. Na4 b6 20. f4 f6 21. f5 Bf7 22. Nxc5 Bxc5 23. fxg6 hxg6 24. Qf2 Qe7 25. Rf1 Kg7 26. g4 Rad8 27. h4 Be6 28. g5 Rf8 29. Bxc5 Qxc5 30. Qxc5 bxc5 31. Rc3 Rd2 32. Rxf6 Rxf6 33. gxf6+ Kxf6 34. Ra3 Rxb2 35. Rxa5 Bxc4 36. a4 Bb3 37. Ra6 c4 38. Rxc6+ Ke7 39. Bf1 Rb1 40. a5 Ba4 41. Rb6 Ra1 42. a6 c3 43. a7 Bd7 44. Ra6 Rxa6 45. Bxa6 Bc6 46. Bd3 Kd6 47. Kf2 Kc5 48. Ke3 Kb4 49. Bc2 Kc4 50. Ba4 Bb7 51. Bc2 Ba8 52. Ba4 Kb4 53. Bc2 Bb7 54. Kd3 Ba6+ 55. Ke3 Bb7 56. Kd3 Bc6 57. Bd1 1/2-1/2

[Event "Krasnodar Region-ch"]
[Site "Krasnodar"]
[Date "2010.10.20"]
[Round "5"]
[White "Furtuna, Alexei"]
[Black "Pudovkin, Dmitry"]
[Result "1-0"]
[WhiteElo "2318"]
[BlackElo "2318"]
[PlyCount "139"]
[EventDate "2010.10.16"]
[EventType "swiss"]
[EventRounds "9"]
[EventCountry "RUS"]
[SourceTitle "EXT 2022"]
[Source "ChessBase"]
[SourceDate "2021.10.06"]
[SourceVersion "1"]
[SourceVersionDate "2021.10.06"]
[SourceQuality "1"]

1. Nf3 d5 2. c4 dxc4 3. Na3 Nf6 4. Nxc4 g6 5. g3 Bg7 6. Bg2 0-0 7. 0-0 c6 8. d3 Nbd7 9. Qc2 Nd5 10. a3 b5 11. Ne3 Bb7 12. d4 Rc8 13. Qd3 a6 14. b4 c5 15. Nxd5 Bxd5 16. Be3 Bxf3 17. Bxf3 cxd4 18. Bxd4 e5 19. Be3 e4 20. Qxe4 Bxa1 21. Rxa1 Re8 22. Qb7 Ne5 23. Bd5 Rc7 24. Qb6 Rd7 25. Qxd8 Rexd8 26. Bb3 h5 27. a4 Kg7 28. axb5 axb5 29. Ra6 Ng4 30. Bf4 f6 31. h3 Nh6 32. e4 g5 33. Be3 Nf7 34. Rb6 Ne5 35. Rxb5 Rd1+ 36. Bxd1 Rxd1+ 37. Kg2 g4 38. hxg4 hxg4 39. Rc5 Rb1 40. b5 Nd3 41. Rc7+ Kg6 42. b6 Ne1+ 43. Kf1 Nc2+ 44. Ke2 Nxe3 45. Kxe3 Rxb6 46. Rc2 Kg5 47. Rc5+ Kg6 48. Rf5 Rb2 49. Rd5 Rb3+ 50. Rd3 Rb1 51. Kf4 Rb2 52. Ke3 Rb1 53. Rd2 Kg5 54. Rd5+ Kg6 55. Rf5 Rb2 56. Rf4 Kg5 57. Kd4 Rd2+ 58. Kc3 Ra2 59. Rf5+ Kg6 60. Kd3 Ra3+ 61. Ke2 Rb3 62. Rd5 Ra3 63. Rd3 Ra2+ 64. Ke3 Kg5 65. Rd5+ Kg6 66. Rd2 Ra1 67. Kf4 Re1 68. Rc2 Kf7 69. Kf5 Ke7 70. Rb2 1-0

[Event "Krasnodar Region-ch"]
[Site "Krasnodar"]
[Date "2010.10.18"]
[Round "3"]
[White "Barsamian, Eduard"]
[Black "Pudovkin, Dmitry"]
[Result "0-1"]
[WhiteElo "2211"]
[BlackElo "2318"]
[PlyCount "120"]
[EventDate "2010.10.16"]
[EventType "swiss"]
[EventRounds "9"]
[EventCountry "RUS"]
[SourceTitle "EXT 2022"]
[Source "ChessBase"]
[SourceDate "2021.10.06"]
[SourceVersion "1"]
[SourceVersionDate "2021.10.06"]
[SourceQuality "1"]

1. d4 d5 2. c4 e6 3. Nc3 Nf6 4. Bg5 Be7 5. e3 0-0 6. Nf3 b6 7. cxd5 exd5 8. Bd3 Bb7 9. 0-0 c5 10. Rc1 c4 11. Bb1 a6 12. Bxf6 Bxf6 13. b3 b5 14. bxc4 dxc4 15. e4 g6 16. e5 Bg7 17. Be4 Bxe4 18. Nxe4 Qd5 19. Nc3 Qb7 20. Re1 Nc6 21. a3 Rad8 22. d5 Na5 23. Nd4 Qb6 24. Kh1 Rfe8 25. f4 Qc5 26. d6 Qxa3 27. Ne4 Qd3 28. Qxd3 cxd3 29. Red1 Bxe5 30. fxe5 Rxe5 31. Nf2 Rxd6 32. Rxd3 Nc4 33. Nf3 Red5 34. Rxd5 Rxd5 35. Ne4 Kg7 36. h3 h6 37. Kh2 f5 38. Nc3 Rd6 39. Kg3 g5 40. Rd1 Rxd1 41. Nxd1 b4 42. Nd4 Kf6 43. Kf3 a5 44. Ke2 a4 45. Kd3 Nd6 46. Nc6 b3 47. Kc3 Ke6 48. Kb4 Kd5 49. Ne7+ Ke4 50. Kxa4 Kf4 51. Kxb3 Kg3 52. Kc3 f4 53. Ng8 Nf7 54. Kd3 Kxg2 55. Ke2 Kxh3 56. Kf1 g4 57. Kg1 g3 58. Nf6 Ne5 59. Kf1 Kh2 60. Ke2 g2 0-1

[Event "Yuzhny FO-ch op"]
[Site "Armavir"]
[Date "2010.03.??"]
[Round "1"]
[White "Markosian, Sergey"]
[Black "Pudovkin, Dmitry"]
[Result "0-1"]
[WhiteElo "1844"]
[BlackElo "2344"]
[PlyCount "54"]
[EventDate "2010.03.??"]
[EventType "swiss"]
[EventRounds "9"]
[EventCountry "RUS"]
[SourceTitle "CBM 135 Extra"]
[Source "ChessBase"]
[SourceDate "2010.05.04"]
[SourceVersion "1"]
[SourceVersionDate "2010.05.04"]
[SourceQuality "1"]

1. d4 Nf6 2. Nc3 d5 3. g3 c5 4. Nf3 cxd4 5. Nxd4 e5 6. Nf3 Nc6 7. Bg2 h6 8. 0-0 Bc5 9. a3 e4 10. Ne1 0-0 11. Na4 Bd4 12. c3 Be5 13. Nc5 b6 14. Nb3 Ba6 15. Nc2 Bc4 16. Ne3 Ba6 17. Nd4 Rc8 18. Bh3 Rc7 19. Qa4 Bb7 20. Nb5 Re7 21. Nf5 Ree8 22. Bf4 Bxf4 23. gxf4 Bc8 24. Nbd6 Bxf5 25. Nxf5 Qc7 26. e3 Kh7 27. Kh1 Qd7 0-1

[Event "Yuzhny FO-ch op"]
[Site "Armavir"]
[Date "2010.03.??"]
[Round "2"]
[White "Pudovkin, Dmitry"]
[Black "Zakhartsov, Viacheslav V"]
[Result "0-1"]
[WhiteElo "2344"]
[BlackElo "2576"]
[PlyCount "72"]
[EventDate "2010.03.??"]
[EventType "swiss"]
[EventRounds "9"]
[EventCountry "RUS"]
[SourceTitle "CBM 135 Extra"]
[Source "ChessBase"]
[SourceDate "2010.05.04"]
[SourceVersion "1"]
[SourceVersionDate "2010.05.04"]
[SourceQuality "1"]

1. d4 Nf6 2. Nf3 e6 3. h3 c5 4. c3 Nc6 5. e3 Qc7 6. Bd3 d5 7. Nbd2 b6 8. 0-0 Be7 9. Re1 0-0 10. b3 Rd8 11. Bb2 Bb7 12. Qe2 Rac8 13. Ba6 Bxa6 14. Qxa6 cxd4 15. exd4 Bd6 16. Re3 Bf4 17. Re2 Ne7 18. Rae1 Nf5 19. Qd3 Nd6 20. Ne5 b5 21. Qf3 Bxd2 22. Rxd2 Qa5 23. Qd3 Nfe4 24. Rc2 f6 25. Ng4 Qxa2 26. f3 Ng3 27. Ra1 Qxb3 28. Rxa7 Ngf5 29. Kh2 Qc4 30. Qd2 Rc7 31. Rxc7 Qxc7 32. Kg1 Nc4 33. Qe2 Qb6 34. Qf2 Ra8 35. Bc1 b4 36. cxb4 Nxd4 0-1

[Event "Yuzhny FO-ch op"]
[Site "Armavir"]
[Date "2010.03.??"]
[Round "9"]
[White "Vastrukhin, Oleg"]
[Black "Pudovkin, Dmitry"]
[Result "1/2-1/2"]
[WhiteElo "2322"]
[BlackElo "2344"]
[PlyCount "35"]
[EventDate "2010.03.??"]
[EventType "swiss"]
[EventRounds "9"]
[EventCountry "RUS"]
[SourceTitle "CBM 135 Extra"]
[Source "ChessBase"]
[SourceDate "2010.05.04"]
[SourceVersion "1"]
[SourceVersionDate "2010.05.04"]
[SourceQuality "1"]

1. e4 c5 2. Nc3 Nc6 3. Nge2 e6 4. g3 d5 5. exd5 exd5 6. d4 cxd4 7. Nxd4 Nf6 8. Bg2 Be7 9. 0-0 0-0 10. Bf4 Bg4 11. Qd2 Rc8 12. h3 Bh5 13. Nf5 Bb4 14. Bh6 Bg6 15. Nxg7 d4 16. Rad1 Qa5 17. Qf4 dxc3 18. Qxf6 1/2-1/2

[Event "Yuzhny FO-ch op"]
[Site "Armavir"]
[Date "2010.03.??"]
[Round "4"]
[White "Zakhartsov, Vladimir"]
[Black "Pudovkin, Dmitry"]
[Result "1/2-1/2"]
[WhiteElo "2035"]
[BlackElo "2344"]
[PlyCount "72"]
[EventDate "2010.03.??"]
[EventType "swiss"]
[EventRounds "9"]
[EventCountry "RUS"]
[SourceTitle "CBM 135 Extra"]
[Source "ChessBase"]
[SourceDate "2010.05.04"]
[SourceVersion "1"]
[SourceVersionDate "2010.05.04"]
[SourceQuality "1"]

1. g3 d5 2. Nf3 c6 3. Bg2 Nf6 4. 0-0 h6 5. d3 Bf5 6. Nfd2 e6 7. e4 Bh7 8. Qe2 dxe4 9. dxe4 Nbd7 10. Nc3 Be7 11. a4 0-0 12. Nc4 Qc7 13. Bf4 e5 14. Be3 Bb4 15. Na2 Bc5 16. b4 Bxe3 17. Qxe3 Nb6 18. Nxb6 Qxb6 19. Qxb6 axb6 20. Nc3 Rfd8 21. Rfd1 Rd4 22. Rxd4 exd4 23. Ne2 Nxe4 24. Bxe4 Bxe4 25. Nxd4 c5 26. bxc5 bxc5 27. Nb3 Bxc2 28. Nxc5 b6 29. Nd7 b5 30. Nb6 Ra5 31. Rc1 Bxa4 32. Ra1 Ra6 33. Nd5 g5 34. Rb1 Kg7 35. Nc3 Ra5 36. Ra1 Ra6 1/2-1/2

[Event "Krasnodar Cup op"]
[Site "Krasnodar"]
[Date "2009.12.20"]
[Round "9"]
[White "Pudovkin, Dmitry"]
[Black "Sluzhilov, Aleksandr"]
[Result "1-0"]
[WhiteElo "2324"]
[BlackElo "2007"]
[PlyCount "95"]
[EventDate "2009.12.12"]
[EventType "swiss"]
[EventRounds "9"]
[EventCountry "RUS"]
[SourceTitle "EXT 2012"]
[Source "ChessBase"]
[SourceDate "2011.11.24"]
[SourceVersion "1"]
[SourceVersionDate "2011.11.24"]
[SourceQuality "1"]

1. d4 Nf6 2. Nf3 e6 3. g3 c5 4. Bg2 Nc6 5. c4 cxd4 6. Nxd4 Bb4+ 7. Bd2 Qa5 8. Nb3 Qe5 9. Nc3 a6 10. a3 Be7 11. 0-0 Qb8 12. Bf4 d6 13. Rc1 0-0 14. h3 h6 15. e4 Nd7 16. Qe2 Nce5 17. Be3 Qc7 18. Nd2 b6 19. f4 Ng6 20. h4 Bb7 21. h5 Nh8 22. g4 Qd8 23. Rfd1 Rb8 24. Nb3 Qc7 25. Nd4 Rfc8 26. Qf2 Qd8 27. Qe2 Bf6 28. Bf2 Qc7 29. Ncb5 axb5 30. Nxb5 Qd8 31. Nxd6 Rc7 32. Nxb7 Rcxb7 33. e5 Be7 34. Bxb7 Rxb7 35. Rd2 Qc8 36. Kg2 Qc6+ 37. Qf3 Qxf3+ 38. Kxf3 Nc5 39. Rcd1 g6 40. b4 Na4 41. Rd7 Rxd7 42. Rxd7 Kf8 43. Ra7 Nb2 44. c5 bxc5 45. bxc5 Ke8 46. Ra8+ Bd8 47. c6 Ke7 48. Bc5+ 1-0

[Event "Golubitskaya Rating"]
[Site "Golubitskaya"]
[Date "2009.07.21"]
[Round "8"]
[White "Oganesian, Samvel"]
[Black "Pudovkin, Dmitry"]
[Result "0-1"]
[WhiteElo "2343"]
[BlackElo "2320"]
[PlyCount "32"]
[EventDate "2009.07.21"]
[EventType "tourn"]
[EventRounds "9"]
[EventCountry "RUS"]
[SourceTitle "EXT 2022"]
[Source "ChessBase"]
[SourceDate "2021.10.06"]
[SourceVersion "1"]
[SourceVersionDate "2021.10.06"]
[SourceQuality "1"]

1. e4 e5 2. Nf3 Nc6 3. Bc4 Bc5 4. c3 Nf6 5. d4 exd4 6. cxd4 Bb4+ 7. Nc3 Nxe4 8. 0-0 Bxc3 9. bxc3 d5 10. Bd3 0-0 11. Re1 f5 12. Ne5 Nxe5 13. dxe5 Qe7 14. f3 Qc5+ 15. Re3 f4 16. fxe4 fxe3 0-1

[Event "Golubitskaya Rating"]
[Site "Golubitskaya"]
[Date "2009.07.21"]
[Round "2"]
[White "Pudovkin, Dmitry"]
[Black "Varavin, Viktor"]
[Result "0-1"]
[WhiteElo "2320"]
[BlackElo "2440"]
[PlyCount "92"]
[EventDate "2009.07.21"]
[EventType "tourn"]
[EventRounds "9"]
[EventCountry "RUS"]
[SourceTitle "EXT 2022"]
[Source "ChessBase"]
[SourceDate "2021.10.06"]
[SourceVersion "1"]
[SourceVersionDate "2021.10.06"]
[SourceQuality "1"]

1. d4 d5 2. c4 Nc6 3. cxd5 Qxd5 4. Nf3 e5 5. Nc3 Bb4 6. Bd2 Bxc3 7. Bxc3 e4 8. Nd2 e3 9. fxe3 Nf6 10. e4 Nxe4 11. Nxe4 Qxe4 12. d5 Ne7 13. Bxg7 Rg8 14. Qd4 Bf5 15. Be5 Nxd5 16. Kf2 0-0-0 17. Rg1 Qc2 18. Qd1 Qe4 19. Qd4 Qc2 20. Qd1 Qc5+ 21. Qd4 Qe7 22. g4 f6 23. Bg3 Nb6 24. Qc3 Rxg4 25. Bg2 Rc4 26. Qe3 Qxe3+ 27. Kxe3 Rc2 28. Rgc1 Rdd2 29. Rxc2 Rxc2 30. b3 Bg4 31. Bf1 Nd5+ 32. Kd4 Rd2+ 33. Ke4 c6 34. Be1 Rb2 35. Kd4 Bxe2 36. Bh3+ Kc7 37. Bf5 Bh5 38. Bxh7 Kb6 39. h4 a5 40. Be4 Nf4 41. Kc3 Re2 42. Bh1 Rh2 43. Bd2 Ne2+ 44. Kd3 Ng3 45. Be3+ Kb5 46. a4+ Ka6 0-1

[Event "RUS-ch zt qual 62nd"]
[Site "Armavir"]
[Date "2009.03.??"]
[Round "3"]
[White "Anoshkin, Alexander"]
[Black "Pudovkin, Dmitry"]
[Result "1-0"]
[WhiteElo "2439"]
[BlackElo "2324"]
[PlyCount "71"]
[EventDate "2009.03.21"]
[EventType "swiss"]
[EventRounds "9"]
[EventCountry "RUS"]
[SourceTitle "EXT 2022"]
[Source "ChessBase"]
[SourceDate "2021.10.06"]
[SourceVersion "1"]
[SourceVersionDate "2021.10.06"]
[SourceQuality "1"]

1. e4 c5 2. c3 e6 3. d4 cxd4 4. cxd4 d5 5. e5 Nc6 6. Be3 Nge7 7. Nc3 Nf5 8. Nf3 Nxe3 9. fxe3 Be7 10. Bd3 0-0 11. Rc1 f5 12. exf6 Bxf6 13. Bb1 Bd7 14. h4 Qc7 15. Ne2 Qa5+ 16. Rc3 e5 17. Ng5 g6 18. 0-0 Bg4 19. dxe5 Bxe5 20. Ra3 Rxf1+ 21. Qxf1 Rf8 22. Nf4 Qc5 23. g3 Na5 24. Rd3 Nc4 25. Qe1 Bxf4 26. gxf4 h6 27. Qg3 hxg5 28. Qxg4 Rf5 29. Rc3 d4 30. Rxc4 Qxc4 31. Bxf5 Qc1+ 32. Kh2 Qxe3 33. Be6+ Kg7 34. hxg5 Qf2+ 35. Kh3 Qf1+ 36. Qg2 1-0

[Event "RUS-ch zt qual 62nd"]
[Site "Armavir"]
[Date "2009.03.??"]
[Round "6"]
[White "Pudovkin, Dmitry"]
[Black "Gladkiy, Dmitriy"]
[Result "1-0"]
[WhiteElo "2324"]
[BlackElo "2337"]
[PlyCount "65"]
[EventDate "2009.03.21"]
[EventType "swiss"]
[EventRounds "9"]
[EventCountry "RUS"]
[SourceTitle "EXT 2022"]
[Source "ChessBase"]
[SourceDate "2021.10.06"]
[SourceVersion "1"]
[SourceVersionDate "2021.10.06"]
[SourceQuality "1"]

1. e4 c5 2. Nf3 d6 3. c3 Nf6 4. Be2 g6 5. 0-0 Bg7 6. Qc2 Qc7 7. d4 cxd4 8. Nxd4 a6 9. a4 b6 10. Be3 Ng4 11. Bxg4 Bxg4 12. f4 Bc8 13. Nd2 Nd7 14. b4 Bb7 15. a5 b5 16. Rac1 Nf6 17. h3 0-0 18. N4f3 Qc6 19. Nd4 Qc7 20. N4f3 Qc6 21. Nd4 Qd7 22. N4f3 Bh6 23. Qd3 Qe6 24. f5 Bxe3+ 25. Qxe3 Qd7 26. Qh6 Bxe4 27. Nxe4 Nxe4 28. Rce1 Nf6 29. Ng5 Rfc8 30. Re3 Rc4 31. Rg3 e6 32. fxe6 fxe6 33. Rxf6 1-0

[Event "RUS-ch zt qual 62nd"]
[Site "Armavir"]
[Date "2009.03.??"]
[Round "2"]
[White "Pudovkin, Dmitry"]
[Black "Kudrin, Oleg"]
[Result "1-0"]
[WhiteElo "2324"]
[BlackElo "2033"]
[PlyCount "35"]
[EventDate "2009.03.21"]
[EventType "swiss"]
[EventRounds "9"]
[EventCountry "RUS"]
[SourceTitle "EXT 2022"]
[Source "ChessBase"]
[SourceDate "2021.10.06"]
[SourceVersion "1"]
[SourceVersionDate "2021.10.06"]
[SourceQuality "1"]

1. d4 d5 2. c4 c6 3. Nc3 e6 4. e4 Nf6 5. e5 Nfd7 6. f4 dxc4 7. Bxc4 b5 8. Bb3 Nb6 9. Nf3 Bb7 10. 0-0 a6 11. f5 exf5 12. Ng5 Nd5 13. Nxd5 cxd5 14. Rxf5 Be7 15. Nxf7 Qd7 16. Rf2 0-0 17. Qh5 Qe8 18. Bc2 1-0